Giras tecnicas "Herramientas de manejo del paisaje como estrategia para la conservacion de la Biodiversidad" (Registro nro. 7862)

Detalles MARC
000 -CABECERA
Campo de control 01224nam a22002537a 4500
005 - FECHA Y HORA DE LA ULTIMA TRANSACCION
Campo de control 20180803165515.0
008 - ELEMENTOS DE LONGITUD FIJA—INFORMACION GENERAL
Campo de control 131119b2006 ck ||||| |||| 00| 0 spa d
041 ## - IDIOMA
Código de idioma para texto/pista de sonido o título separado Español
044 ## - PAÍS DE PUBLICACIÓN
País de publicación Colombia
090 ## - CLASIFICACIÓN LOCAL
Colección IAVH
Consecutivo 00913
100 ## - ASIENTO PRINCIPAL--NOMBRE PERSONAL
Nombre personal Cuadros-Gladis
245 ## - MENCION DE TITULO
Título Giras tecnicas "Herramientas de manejo del paisaje como estrategia para la conservacion de la Biodiversidad"
260 ## - PUBLICACION, DISTRIBUCION, ETC. (PIE DE IMPRENTA)
Lugar de publicación, distribución, etc. Armenia
Nombre del editor, distribuidor, etc. Instituto de Investigación de Recursos Biológicos Alexander von Humboldt
-- Asociacion Red Colombia de Reservas Naturales de la Sociedad Civil
Fecha de publicación, distribución, etc. 2006
300 ## - DESCRIPCION FISICA
Extensión 79 p.
Otros detalles físicos il
Dimensiones 27 cm
500 ## - NOTA GENERAL
Nota general Informe tecnico
520 ## - NOTA DE RESUMEN, ETC.
Nota de resumen El presente informe contiene el documento de contenidos minimos y mensajes claves para la orientacion de las giras,la agenda (fechas,horas,temas,reocorridos,lugares,metodologia y responsables),el sistema de evaluacion tecnica de la efectividad de la gira (formatos y analisis).
650 ## - ASIENTO SECUNDARIO DE MATERIA - TERMINO TEMATICO
Término temático o nombre geográfico como elemento de entrada Herramientas de manejo / conservación / paisaje rural / biodiversidad
650 ## - ASIENTO SECUNDARIO DE MATERIA - TERMINO TEMATICO
Término temático o nombre geográfico como elemento de entrada Conservación
650 ## - ASIENTO SECUNDARIO DE MATERIA - TERMINO TEMATICO
Término temático o nombre geográfico como elemento de entrada Biodiversidad
650 ## - ASIENTO SECUNDARIO DE MATERIA - TERMINO TEMATICO
Término temático o nombre geográfico como elemento de entrada Paisaje rural
700 ## - ASIENTO SECUNDARIO - NOMBRE PERSONAL
Nombre personal Uribe Restrepo-Daniel
700 ## - ASIENTO SECUNDARIO - NOMBRE PERSONAL
Nombre personal López Guzmán-Jorge Hernán
942 ## - ELEMENTOS ADICIONALES (KOHA)
Sistema de clasificación Local
Tipo de ítem Impreso

No hay ítems disponibles.